| 000 | 00959nam a2200265 a 4500 | ||
|---|---|---|---|
| 003 | AM-YeHGA | ||
| 005 | 20250618075027.0 | ||
| 008 | 170925m1858 ru |||||r|||||000|0arus|| | ||
| 040 | _aAM-YeHGA | ||
| 041 | 1 | _arus | |
| 100 | 1 | _aТацит | |
| 245 | 1 | 0 |
_aЛетопись Кая Корнелия Тацита / _cПер. Ал. Кронеберга. |
| 246 | 1 | 3 | _aЛѣтопись Кая Корнелiя Тацита |
| 260 |
_aМосква : _bК. Солдатенков и Н. Щепкин, _c1858-. |
||
| 300 |
_aЧасть ; _c21 см. |
||
| 505 | 1 | 0 | _gЧ. 1 (1858, XXVI, 298 с.) |
| 505 | 1 | 0 | _gЧ. 2 (1858, [4], 241 с.) |
| 600 | 1 | 4 | _aТацит, Корнелий Кай |
| 650 | 1 | 4 | _aՊատմություն |
| 650 | 1 | 4 |
_aՀին աշխարհի պատմություն _926 |
| 651 | 4 |
_aРим древний _xИстория |
|
| 700 | 1 |
_aКроненберг, Алексей _eпер. _4trl |
|
| 942 |
_2udc _cBK |
||
| 090 | _c425736 | ||
| 999 |
_c423296 _d423296 |
||